[Event "Continental-ch Women America 2017"]
[Site "Villa Martelli"]
[Date "2017.09.11"]
[Round "6"]
[White "Lujan, Carolina"]
[Black "Miranda Llanes, Yerisbel"]
[Result "1/2-1/2"]
[WhiteElo "2376"]
[BlackElo "2192"]
[Annotator "TA"]
[PlyCount "86"]
[EventDate "2017.??.??"]
[EventType "swiss"]
[EventCountry "ARG"]
[SourceTitle "playchess.com"]
[Source "ChessBase"]
[SourceQuality "1"]

{[%evp 25,86,21,75,48,80,84,77,90,120,108,108,107,123,100,128,134,129,25,27,20,105,97,121,121,126,124,115,90,116,113,114,113,118,115,161,162,155,152,150,136,158,141,121,46,98,47,127,0,0,-12,-12,-12,0,-19,-19,-25,-12,-13,0,-18,0,-16,0]} 1. e4 e5 2. Nf3 Nc6 3. Bc4 Bc5 4. O-O Nf6 5. d3 a6 6. c3 d6 7. Bb3 Ba7 8. Re1 h6 9. Nbd2 {[%cal Bb1d2,Bd2f1,Bf1g3][%mdl 32]} O-O 10. h3 Nh5 11. Nf1 Qf6 12. Be3 Be6 {C54: Giuoco Piano: 4 c3 Nf6, main lines with 5 d4 and 5 d3} (12... Bxe3 13. Rxe3 Nf4 14. a3 Ne7 15. d4 Neg6 16. Ng3 h5 17. Bc2 Ne7 18. Qf1 h4 19. dxe5 dxe5 20. Nf5 {½-½ (46) Xiong,J (2674)-Sevian,S (2587) Saint Louis 2017}) 13. Bc2 Nf4 {LiveBook: 6 Games} (13... Bxe3 $11 {keeps the balance.} 14. fxe3 Rfd8) 14. Ng3 g5 {White is slightly better.} 15. d4 {Threatens to win with d5.} Ne7 {[%cal Bc6e7,Be7f5,Bf5e3,Be3d1][%mdl 32]} 16. Nh2 Kh8 $146 ({Find the theoretical novelty and annotate with similar games:} 16... Rfd8) 17. dxe5 dxe5 18. Bxa7 {[#] aiming for Bc5.} Rxa7 19. Nf5 Nxf5 20. Ng4 Ne3 21. Nxf6 (21. fxe3 $16 Bxg4 22. Qxg4) 21... Nxd1 $11 22. Raxd1 Ng6 (22... Kg7 $11 23. Nd5 b5) 23. Bb3 $16 Raa8 24. Bxe6 fxe6 25. Nd7 Rfe8 26. c4 Re7 27. Rd2 Kg7 28. Red1 h5 29. b4 g4 30. hxg4 hxg4 31. g3 Kh6 32. Kg2 Kg5 33. Nc5 b6 34. Nb3 (34. Nd7 $16) 34... Rf8 (34... Nh8 $14) 35. Rd7 (35. c5 $16) 35... Rf3 ({Black should try} 35... Rxd7 $14 36. Rxd7 Rc8) 36. Rxe7 ({Better is} 36. c5 $16) 36... Nxe7 {[%mdl 4096] Endgame KRN-KRN} 37. b5 (37. Rd7 $5 {[%cal Rd7e7]} Nc6 38. b5 (38. Rxc7 Nxb4 39. Rg7+ Kf6 $15) 38... axb5 39. Rxc7 $14) 37... axb5 38. cxb5 Nc8 39. Rd8 Nd6 40. Rg8+ Kh5 41. Rh8+ {The position is equal.} Kg5 42. Rg8+ Kh5 43. Rh8+ Kg5 {Precision: White = 56%, Black = 34%.} 1/2-1/2

[Event "Continental-ch Women America 2017"]
[Site "Villa Martelli"]
[Date "2017.09.11"]
[Round "6"]
[White "Arribas Robaina, Maritza"]
[Black "Martinez, Ayelen"]
[Result "1/2-1/2"]
[WhiteElo "2273"]
[BlackElo "2190"]
[Annotator "TA"]
[PlyCount "106"]
[EventDate "2017.??.??"]
[EventType "swiss"]
[EventCountry "ARG"]
[SourceTitle "playchess.com"]
[Source "ChessBase"]
[SourceQuality "1"]

{[%evp 9,106,8,17,10,18,20,30,21,40,35,30,24,26,23,64,54,58,40,36,52,57,26,21,0,0,-10,0,0,0,0,0,-4,0,-7,-7,-12,-12,-12,-12,-12,-8,-8,0,0,0,0,16,7,7,13,39,39,41,41,48,42,45,42,64,0,324,0,66,0,0,0,49,44,81,43,71,39,66,66,226,226,226,226,226,226,359,152,253,104,165,131,130,0,0,0,0,0,0,0,0,0,0,0,0]} 1. e4 c5 2. Nf3 a6 3. Nc3 d6 4. Be2 Nf6 5. O-O e5 {LiveBook: 3 Games} (5... g6 6. e5 dxe5 7. Nxe5 Bg7 8. Bf3 O-O 9. Re1 Ra7 10. a4 b6 11. d3 Ne8 12. Nc4 {1-0 (36) Zvjaginsev,V (2688)-Esen,B (2534) Moscow 2012}) 6. a4 {B50: Sicilian: 2...d6, Miscellaneous} Be7 7. d3 h6 $146 ({Find the theoretical novelty and annotate with similar games:} 7... Nc6 8. Ne1 d5 9. Nxd5 Nxd5 10. exd5 Qxd5 11. Bf3 Qd6 12. Bxc6+ Qxc6 {0-1 (46) Olsen,M (1997)-Teplyi,I (2377) Borup 2012}) 8. Nd2 {White has an edge.} Nc6 9. Nc4 Be6 10. f4 exf4 11. Bxf4 d5 12. exd5 Nxd5 13. Nxd5 Bxd5 14. Bf3 O-O 15. Bxd5 Qxd5 16. Kh1 Rae8 17. Qg4 f5 18. Qg6 Bf6 19. Bd6 Be7 20. Rae1 b5 21. axb5 axb5 22. Bxe7 Nxe7 23. Nb6 Nxg6 24. Nxd5 Rxe1 25. Rxe1 $11 {[%mdl 4096] Endgame KRN-KRN} Ra8 (25... Rd8 $5 {[%cal Rd8d5]} 26. c4 Kf7 $11) 26. Kg1 Ra2 27. Rb1 Kf7 28. Nc3 Ra5 $1 29. b4 Ra3 30. Nxb5 Ra2 $1 31. Rf1 Ne7 32. bxc5 {Hoping for c4.} Rxc2 33. d4 g6 34. Rf2 Rc1+ 35. Rf1 Rc2 $1 36. Rf2 Rc1+ 37. Rf1 Rc2 $1 38. Re1 Nd5 39. g3 Kf6 40. Re5 Nb4 41. Nc7 Nd3 $2 (41... Kf7 $14) 42. Nd5+ $18 Kf7 43. Re7+ Kf8 44. Re3 Nc1 {[#]} (44... Rc1+ {keeps fighting.} 45. Kg2 Rc2+ 46. Kf1 Nb2) 45. Nf4 (45. Kf1 $1 $18) 45... Kf7 {[#]} (45... g5 $16) 46. Ne6 (46. Kf1 $1 $18 {is the precise move to win.}) 46... Ne2+ (46... Kf6 $16 {was necessary.}) 47. Kf1 Nc3 48. c6 (48. Nd8+ $16 Kf8 49. Nc6) 48... Rc1+ $1 $11 {The position is equal.} 49. Kg2 Rc2+ 50. Kg1 {And now Re5 would win.} Rc1+ 51. Kg2 {Re5 is the strong threat.} Rc2+ 52. Kg1 {Threatens to win with Re5.} Rc1+ 53. Kg2 {aiming for Re5.} Rc2+ {Precision: White = 47%, Black = 60%.} 1/2-1/2

[Event "Continental-ch Women America 2017"]
[Site "Villa Martelli"]
[Date "2017.09.11"]
[Round "6"]
[White "Amura, Claudia"]
[Black "Nejanky, Maisa"]
[Result "1-0"]
[WhiteElo "2262"]
[BlackElo "2018"]
[Annotator "TA"]
[PlyCount "73"]
[EventDate "2017.??.??"]
[EventType "swiss"]
[EventCountry "ARG"]
[SourceTitle "playchess.com"]
[Source "ChessBase"]
[SourceQuality "1"]

{[%evp 13,73,22,22,18,17,9,17,8,27,25,29,-20,-21,-102,-96,-146,-140,-149,-138,-127,-99,-104,-97,-89,-12,-55,-42,-46,-29,-22,-23,-22,-31,-56,-49,-79,-52,-77,-17,-17,0,-10,2,22,72,67,91,60,123,130,238,239,237,223,233,257,378,385,597,586,1072,1069]} 1. d4 f5 2. g3 Nf6 3. Bg2 e6 4. c4 d5 5. Qc2 c6 6. Nh3 Bd6 7. Bf4 {A90: Dutch Defence: Miscellaneous and Modern Stonewall (with ...Bd6)} (7. O-O O-O 8. Bf4 Be7 9. Rd1 Ne4 10. Nd2 Nd7 11. f3 Nxd2 12. Bxd2 Bf6 13. Bb4 Be7 14. Bxe7 Qxe7 15. Nf4 Nf6 16. Nd3 Bd7 {0-1 (66) Gelfand,B (2743)-Radjabov,T (2734) Beijing 2014}) 7... Be7 {LiveBook: 34 Games} 8. a3 O-O 9. O-O {The position is equal.} h6 10. Bd2 (10. Bxb8 $5 Rxb8 11. Nf4 $11) 10... a5 $146 ({Find the theoretical novelty and annotate with similar games:} 10... g5 11. f4 g4 12. Nf2 b6 13. Nd3 Ba6 14. Ne5 Kg7 15. Nc3 h5 16. a4 dxc4 {1-0 (30) Eshuis,J (2055)-Breuer,S (1825) LSS email 2014}) 11. Nf4 Qe8 12. b4 axb4 13. a4 (13. Nd3 $11 {remains equal.}) 13... Na6 14. c5 {[#]} e5 $1 {[%mdl 512]} 15. dxe5 Ne4 16. Nd3 Be6 17. Be3 Qd7 {And now ...d4 would win.} 18. Bd4 {[#]} b3 $1 {[%mdl 512]} 19. Qc1 {[#]} (19. Qxb3 {keeps more tension.} Nexc5 20. Nxc5 Nxc5 21. Qc2 Na6 22. e3) 19... Naxc5 $1 {[%mdl 512]} 20. Nxc5 Bxc5 (20... Nxc5 {with more complications.} 21. Bxc5 b2 22. Qxb2 Bxc5 23. e3 Ba7) 21. Bxc5 b2 $1 {[%cal Rb2a1]} 22. Qxb2 Nxc5 23. Qc2 Ra5 24. e3 Rfa8 25. Nc3 {[%cal Bb1c3,Bc3e2,Be2d4,Bd4b3,Bb3c5,Bc5a4][%mdl 32]} Qc7 (25... d4 $17 26. exd4 Qxd4) 26. f4 $11 b5 27. Ne2 b4 ({But not} 27... Rxa4 $6 28. Rxa4 Nxa4 29. Nd4 $16) 28. Nd4 $36 {[%mdl 2048] White is more active.} Qd7 29. Rfb1 Rb8 30. Rb2 Rb6 (30... b3 $1 $14 31. Nxb3 Rxa4) 31. Rab1 $16 Na6 (31... b3 $16 32. Nxb3 Nxb3) 32. Bf1 $18 c5 {[#]} 33. Nb3 $1 {[%cal Rb3a5]} Rxa4 {White must now prevent ...c4.} 34. Bxa6 $1 ({Resist} 34. Nxc5 $6 Nxc5 35. Qxc5 Qb7 $16) 34... Rbxa6 (34... c4 $142) 35. Nxc5 b3 (35... Qa7 {might work better.} 36. Nxa6 Qxe3+ 37. Qf2 Qxf2+ 38. Kxf2 Rxa6 39. Rxb4 Bf7 40. Rb8+ Kh7) 36. Qxb3 Qc8 37. Nxa4 {Precision: White = 51%, Black = 37%.} 1-0

[Event "Continental-ch Women America 2017"]
[Site "Villa Martelli"]
[Date "2017.09.11"]
[Round "6"]
[White "Fernandez, Maria Florencia"]
[Black "Abarca Gonzalez, Damaris"]
[Result "1/2-1/2"]
[WhiteElo "2199"]
[BlackElo "2019"]
[Annotator "TA"]
[PlyCount "154"]
[EventDate "2017.??.??"]
[EventType "swiss"]
[EventCountry "ARG"]
[SourceTitle "playchess.com"]
[Source "ChessBase"]
[SourceQuality "1"]

{[%evp 19,154,-37,-12,-100,-32,-16,0,-42,-40,-51,-15,-6,-6,-4,-6,-6,-12,-8,-10,-4,-6,-6,-7,-8,-11,-51,-34,-41,-35,-42,0,-24,0,0,57,62,60,13,64,-53,-49,-55,-46,-60,-51,-60,-56,-59,-73,-83,-7,-27,-14,-28,-2,-2,0,-8,-8,-12,0,0,0,0,0,0,0,0,0,0,0,0,0,0,0,0,0,0,0,0,0,0,0,0,0,0,0,0,0,0,0,0,0,0,0,0,0,0,0,0,0,0,8,8,8,8,29,0,0,0,0,0,0,0,8,8,8,0,0,0,0,0,0,0,0,0,0,0,0,0,8,0,0,0,8,0,0]} 1. d4 Nf6 2. c4 e6 3. Nc3 Bb4 4. e3 O-O 5. Nge2 d5 6. cxd5 exd5 7. a3 Bd6 8. g3 {E46: Nimzo-Indian: Rubinstein: 4 e3 0-0 5 Ne2 without early Bd3} (8. Ng3 Re8 9. Bd3 c5 10. dxc5 Bxc5 11. O-O Nc6 12. b4 Bb6 13. Nce2 d4 14. e4 Ne5 15. Bf4 Nfg4 16. h3 Nxd3 17. Qxd3 Ne5 18. Bxe5 Rxe5 19. f4 Re8 {1-0 (42) Nakamura,H (2787)-Topalov,V (2761) Paris 2016}) 8... Re8 9. Bg2 c6 10. f3 Bf5 {LiveBook: 3 Games} 11. g4 $146 {[#]} (11. O-O $11 {remains equal.}) ({Find the theoretical novelty and annotate with similar games:} 11. O-O Nbd7 12. g4 Bxg4 13. fxg4 Nxg4 14. h3 Nxe3 15. Bxe3 Rxe3 {½-½ (44) Avrukh,B (2636)-Moiseenko,A (2658) Plovdiv 2010}) 11... Bg6 ({Black should play} 11... Bxg4 $1 $17 {[%mdl 512]} 12. fxg4 Nxg4) 12. h4 $15 {And now h5 would win.} h6 13. Kf2 Nbd7 14. Nf4 Nf8 15. Nxg6 Nxg6 16. g5 $1 $132 {[%mdl 2048] Hoping for h5. White is fighting back} Nh5 17. f4 {[#]} Nhxf4 $1 {[%mdl 512]} 18. exf4 Nxf4 19. Bxf4 Bxf4 20. Rh3 hxg5 21. hxg5 Bxg5 {Threatens to win with ...Bh4+.} 22. Qd3 Bh4+ 23. Kg1 Re6 24. Rf1 Rf6 25. Rf5 Rxf5 26. Qxf5 {Black should prevent Qh5.} Qe7 (26... g6 $11 27. Qg4 Bf6) 27. Qh5 $14 g5 28. Ne2 Re8 (28... Kg7 $11) 29. Ng3 (29. Rf3 $14) 29... Qe3+ $15 30. Kh1 {next Qg4 is good for White.} Qxd4 31. Nf1 Re6 32. Rf3 Rf6 33. Rxf6 Qxf6 34. b4 Qc3 (34... Qe6 $17) 35. Qg4 $11 Kg7 36. Qc8 Qxa3 37. Qxb7 Qa4 38. Qe7 Qa1 39. Qc5 Qa6 40. Qc3+ f6 41. Ne3 {b5! is the strong threat.} Qe2 42. Nf5+ Kg6 43. Nxh4+ gxh4 44. Qxc6 Qe1+ 45. Kh2 Qg3+ 46. Kh1 Qe1+ 47. Kh2 Qxb4 48. Qe8+ Kg7 49. Qd7+ Kg6 50. Qxd5 Qf4+ 51. Kg1 Qe3+ 52. Kf1 Qf4+ 53. Bf3 a5 54. Qg8+ Kh6 55. Ke2 Qe5+ 56. Kd3 f5 57. Qd8 Qf4 58. Qf6+ Kh7 59. Qf7+ Kh8 60. Bd5 {[%csl Gd5][%cal Rf7g8]} Qg3+ 61. Kc4 Qg4+ 62. Kc5 a4 63. Qf6+ Kh7 {The position is equal.} 64. Be6 Qg1+ 65. Kb5 Qb1+ 66. Kxa4 Qc2+ 67. Kb5 Qd3+ 68. Kb6 Qd6+ 69. Kb7 Qb4+ $1 70. Kc8 Qc5+ 71. Kd7 Qb5+ 72. Ke7 (72. Kd6 $5 {[%cal Re6f5]} Qb6+ 73. Ke7 Qa7+ 74. Bd7 $11) 72... Qc5+ 73. Kd7 Qb5+ 74. Kd6 Qb6+ 75. Kd5 Qb5+ 76. Kd6 Qb6+ 77. Ke7 Qc5+ {Precision: White = 63%, Black = 61%.} 1/2-1/2

[Event "Continental-ch Women America 2017"]
[Site "Villa Martelli"]
[Date "2017.09.11"]
[Round "6"]
[White "Aliaga Fernandez, Ingrid Y"]
[Black "Cosme Contreras, Trilce"]
[Result "1-0"]
[WhiteElo "2182"]
[BlackElo "1872"]
[Annotator "TA"]
[PlyCount "145"]
[EventDate "2017.??.??"]
[EventType "swiss"]
[EventCountry "ARG"]
[SourceTitle "playchess.com"]
[Source "ChessBase"]
[SourceQuality "1"]

{[%evp 22,145,20,25,43,51,45,31,64,0,0,0,0,0,0,0,35,24,45,46,105,107,119,112,122,112,119,106,120,44,44,47,76,44,45,44,64,58,141,141,166,166,166,158,165,151,154,141,141,141,166,166,172,172,276,276,267,166,168,141,276,276,276,122,198,173,258,233,276,276,313,273,272,263,277,258,382,259,449,318,631,455,455,455,815,798,778,796,719,602,629,493,616,606,707,718,654,619,739,725,722,722,820,758,1104,1074,5622,5631,3012,5140,5189,3200,5297,3340,29980,29981,29982,29983,29983,29984,29984,29984,29984,29985,29985,29986]} 1. e4 c5 2. Nf3 {[%cal Bg1f3,Bf3d4,Bd4b3,Bb3d2][%mdl 32]} d6 3. d4 cxd4 4. Nxd4 Nf6 5. Nc3 a6 6. g3 e5 7. Nb3 Be7 8. Bg2 O-O 9. O-O Be6 10. a4 Nbd7 {[%cal Bb8d7,Bd7b6,Bb6c4,Bc4e3][%mdl 32]} 11. Re1 {B91: Sicilian Najdorf: 6 g3} Qc7 12. Nd2 {LiveBook: 23 Games} h6 $146 ({Predecessor:} 12... Bd8 13. Nf1 Qc5 14. Ne3 Ba5 15. Bd2 Rac8 16. Ne2 Bxd2 17. Qxd2 Ng4 18. Nxg4 Bxg4 {½-½ (39) Wei,Y (2706)-Giri,A (2798) Wijk aan Zee 2016}) 13. Nf1 {White is slightly better.} Rac8 14. Ne3 Nb6 15. f4 (15. a5 $14 Nc4 16. Ned5) 15... Nc4 $11 16. f5 Nxe3 17. Bxe3 Bd7 18. a5 d5 19. Nxd5 Nxd5 20. Qxd5 Rfd8 (20... Bb5 $14) 21. Bb6 $16 Bc5+ 22. Qxc5 Qxc5+ 23. Bxc5 Rxc5 24. c3 Bc6 25. Re2 ({White should try} 25. Kf2 $1 $16) 25... Bb5 $14 26. Rc2 Bc4 27. Bf3 Bb3 28. Rf2 Rc4 29. Kf1 f6 {[#]} (29... Rc7 $14) 30. Ke1 $1 $16 Ra4 31. Rxa4 Bxa4 $18 {[%mdl 4096] Endgame KRB-KRB} 32. Rd2 Rc8 33. Rd6 Kf8 34. Kd2 Ke7 35. Re6+ Kd7 36. Be2 Bc6 37. Ke3 Ba4 (37... Rc7 $142 38. c4 Rc8) 38. Rb6 Rc7 39. h4 Kc8 40. Rb4 Bd7 (40... Be8 $16 41. Bc4 Rc5) 41. Bc4 Rc5 {[#]} 42. Bd5 (42. Be6 $1 $18 {and the rest is easy.}) 42... Bb5 (42... Rxa5 $16 43. Bxb7+ Kc7) 43. Rb3 ({Much less strong is} 43. c4 $6 Bc6 $16) 43... Rc7 (43... Bc4 $142) 44. Ra3 Bc6 {intending ...Bxd5.} 45. c4 {[%cal Bc3c4,Bc4c5][%mdl 32]} Kd7 46. Be6+ Ke7 47. Rd3 Be8 48. b4 h5 (48... Rc6 {was necessary.} 49. c5 h5) 49. Rd2 Ba4 $2 (49... Rc6 50. c5 Rc7) 50. c5 Bb5 $2 (50... Be8 51. Bc4 Bf7) 51. Rd6 Be8 52. Bd5 Bd7 (52... Rc6 $142 53. Bxc6 Bxc6) 53. Rb6 Bc8 54. Kf3 Kd8 55. Rd6+ Bd7 56. Bf7 Ke7 57. Bxh5 Rc6 58. Rd2 Rc8 59. Ke3 Bb5 60. Be2 Be8 61. Bc4 Bh5 62. Rd6 Rd8 63. Bd5 Rxd6 64. cxd6+ Kxd6 65. Bxb7 {KB-KB} Kc7 66. Bxa6 Kb8 67. Be2 Be8 68. g4 {White mates.} Ka7 69. g5 fxg5 70. hxg5 Bf7 71. Kd2 Kb7 72. Kc3 Kc6 73. Bc4 {Precision: White = 69%, Black = 26%.} 1-0

[Event "Continental-ch Women America 2017"]
[Site "Villa Martelli"]
[Date "2017.09.11"]
[Round "6"]
[White "Zuriel, Marisa"]
[Black "Besso, Guadalupe"]
[Result "1/2-1/2"]
[WhiteElo "2180"]
[BlackElo "1994"]
[Annotator "TA"]
[PlyCount "103"]
[EventDate "2017.??.??"]
[EventType "swiss"]
[EventCountry "ARG"]
[SourceTitle "playchess.com"]
[Source "ChessBase"]
[SourceQuality "1"]

{[%evp 28,103,10,9,30,8,0,0,6,12,12,2,0,0,20,16,19,23,17,19,25,25,25,25,25,12,12,12,12,12,12,12,12,12,12,0,25,25,25,25,18,-8,-8,-8,-8,-27,12,12,12,0,12,0,12,0,12,0,12,12,12,0,0,0,0,0,0,0,23,23,63,63,63,63,63,0,63,-29963,-29968,-10516]} 1. e4 c5 2. Nf3 Nc6 3. d4 cxd4 4. Nxd4 Nf6 5. Nc3 e5 6. Ndb5 d6 7. Bg5 a6 8. Na3 b5 9. Nd5 Be7 10. Bxf6 Bxf6 11. c4 b4 12. Nc2 a5 13. g3 {B33: Sicilian: Pelikan and Sveshnikov Variations} O-O 14. Bg2 Be6 15. O-O {LiveBook: 30 Games. The position is equal.} Rb8 {[#]} (15... Bg5 {with more complications.} 16. Qd3 Bh6 17. Rad1 Rc8 18. f4 Ne7) 16. Nxf6+ $146 ({Find the theoretical novelty and annotate with similar games:} 16. b3 Bxd5 17. Qxd5 Qb6 18. Rad1 Rfd8 19. Qd3 {1-0 (48) Amonatov,F (2649)-Timofeev,A (2664) Dagomys 2008}) 16... Qxf6 17. b3 Rfd8 18. Qd2 Qe7 19. Kh1 f6 20. f4 {[%cal Bf2f4,Bf4f5][%mdl 32]} Qa7 (20... a4 $5) 21. f5 Bf7 22. Bf3 Kf8 23. g4 h6 24. h4 Ke7 25. Kg2 Qc5 26. Rh1 a4 27. g5 Ra8 28. Rhd1 ({Don't play} 28. gxh6 gxh6 29. Kh3 Rg8 $15) 28... hxg5 29. hxg5 Ra7 30. g6 Bg8 31. Rh1 axb3 (31... Rda8 {looks sharper.} 32. Be2 axb3 33. axb3 Rxa1 34. Rxa1 Rxa1 35. Nxa1 Nd4) 32. axb3 Rda8 33. Rxa7+ Rxa7 34. Ra1 Rxa1 35. Nxa1 Qa5 36. Qb2 Na7 (36... Qa3 $5 {[%cal Ra3b2]} 37. Qb1 Nd4 $15) 37. Nc2 Nc6 38. Kg3 Qa7 39. Kg2 Qa5 40. Kg3 Qa7 41. Kg2 Kd7 (41... Qa5 {is interesting.}) 42. Bd1 (42. Qb1 {is more complex.} Ke7 43. Be2 Qb6 44. Qa1 Qa5 45. Qg1) 42... Kc7 43. Qa1 (43. Be2 {feels hotter.} Kd7 44. Bf3 Qa5 45. Qb1 Ke7 46. Kf1) 43... Qxa1 44. Nxa1 $11 {[%mdl 4096] Endgame KBN-KBN} Nd4 45. Kf2 Kb6 46. Ke3 Kc6 47. Nc2 Nxc2+ 48. Bxc2 Kb6 49. Kd2 Kc5 50. Bd3 (50. Kd3 $1 $14) 50... Kc6 ({Black should play} 50... Kd4 $11) 51. c5 $2 {[%mdl 8192] [#]} (51. Ke3 $14) 51... Kxc5 52. Ba6 {[%mdl 32768] Precision: White = 46%, Black = 48%. . An unexpected result.} 1/2-1/2

[Event "Continental-ch Women America 2017"]
[Site "Villa Martelli"]
[Date "2017.09.11"]
[Round "6"]
[White "Cordero, Daniela"]
[Black "Vazquez Maccarini, Danitza"]
[Result "1/2-1/2"]
[WhiteElo "2005"]
[BlackElo "2173"]
[Annotator "TA"]
[PlyCount "145"]
[EventDate "2017.??.??"]
[EventType "swiss"]
[EventCountry "ARG"]
[SourceTitle "playchess.com"]
[Source "ChessBase"]
[SourceQuality "1"]

{[%evp 20,145,8,0,46,39,45,36,45,47,47,37,34,42,96,104,96,62,69,66,64,47,62,37,69,35,45,25,66,65,181,176,263,81,75,83,111,55,145,100,110,131,145,129,204,211,209,201,280,275,469,466,445,377,408,162,300,300,297,295,274,191,252,245,237,215,334,318,300,285,268,206,206,198,198,198,198,198,198,193,410,410,410,409,409,409,409,409,409,385,386,384,327,314,566,564,556,518,437,357,605,506,422,12,27,55,29978,29980,29964,0,0,0,0,0,0,0,0,0,0,0,0,0,0,0,0,0,0,0]} 1. d4 Nf6 2. Nf3 e6 3. e3 b6 4. Bd3 Bb7 5. c4 d5 6. O-O Bd6 7. Nc3 a6 8. b3 O-O 9. Bb2 Nbd7 10. Rc1 Qe7 11. Re1 {LiveBook: 4 Games. E14: Queen's Indian: Classical Variation (4 e3)} Ba3 $146 ({Find the theoretical novelty and annotate with similar games:} 11... Ne4 12. Qc2 f5 13. Ne2 Ndf6 14. h3 c5 15. Ne5 Rac8 16. f3 cxd4 17. exd4 Nd7 18. Nxd7 Qxd7 {½-½ (44) Harikrishna,P (2740)-Kryvoruchko,Y (2697) Linares 2015}) 12. Bxa3 Qxa3 13. Ne5 {White is slightly better.} Qd6 14. Nxd7 Qxd7 15. c5 bxc5 16. Na4 c4 (16... cxd4 $14 17. Nc5 Qc8) 17. Nc5 $16 Qc6 18. Nxb7 Qxb7 19. bxc4 c6 20. Rb1 Qc7 21. Qc2 {Black must now prevent cxd5.} Rfc8 22. c5 a5 23. Rb6 {Threatens to win with Reb1.} g6 24. Reb1 Rcb8 {[#]} (24... Nd7 $1 $14) 25. Qa4 $1 $18 Rc8 (25... Rxb6 {was worth a try.} 26. Rxb6 (26. cxb6 Qb7 $16) 26... Rc8) 26. Rb7 $2 (26. Ba6 $18 {and White stays clearly on top.}) 26... Qd8 $16 27. R1b6 Qe8 28. Ba6 ({Better is} 28. f4 $16) 28... Kg7 (28... e5 $14) 29. g3 $36 {[%mdl 2048] White is in control.} h5 30. h4 e5 31. dxe5 Qxe5 (31... Ng4 $16 {keeps fighting.}) 32. Rxc6 $18 Rxc6 33. Qxc6 {And now Rxf7+! would win.} Rf8 34. Qa4 Qf5 $2 (34... Ra8) 35. Qd4 Kg8 36. Bd3 Qf3 37. Qf4 $2 (37. c6) 37... Qd1+ (37... Qxf4 $142 38. exf4 (38. gxf4 Rc8 $16) 38... Rc8) 38. Kg2 Qxd3 39. Qxf6 {[%mdl 4096] Endgame KQR-KQR} Qe4+ 40. Qf3 Qc4 (40... Rc8 $142 41. Rxf7 Qxf3+ 42. Rxf3 Kg7) 41. Rd7 Qxc5 42. Qxd5 Qc2 (42... Qxd5+ $142 43. Rxd5 Ra8) 43. Ra7 ({Don't play} 43. Qxa5 Qc6+ 44. Qd5 Qxd5+ 45. Rxd5 Ra8 $18) 43... a4 44. a3 Qb3 45. Qxb3 axb3 {KR-KR} 46. Rb7 b2 47. Rxb2 Ra8 48. Rb3 Ra4 49. Kf3 f5 $2 (49... Kg7 {was called for.} 50. e4 Kf6) 50. Ke2 Kf7 51. Kd3 Ke6 52. Kc3 Ra6 53. Kb2 Rd6 54. Ka2 Rd2+ 55. Rb2 Rd3 56. a4 Ke5 $2 (56... Kd7 {was necessary.} 57. a5 Kc7) 57. Rb6 Rd2+ 58. Ka3 Rxf2 59. Rxg6 Rf3 $2 (59... Kd5 60. a5 Rf1) 60. Kb4 Rxe3 61. Rg5 $2 ({White should try} 61. a5 $18) 61... Re4+ $11 62. Kb5 Rg4 $2 {[%mdl 8192]} (62... Kf6 $14) 63. Rxg4 hxg4 {[#] K3P-KPP} 64. a5 $2 (64. Kc4 $1 {NOTEXT} f4 65. Kd3 (65. gxf4+ Ke4 $16) 65... Kf5 66. a5 fxg3 67. Ke2 Kg6 68. Kf1 Kh5 69. a6 g2+ 70. Kxg2) 64... f4 {The position is equal.} 65. gxf4+ Kxf4 {KPP-KP} 66. a6 {a7 would kill now.} g3 67. a7 g2 68. a8=Q g1=Q 69. Qf8+ Ke5 70. Qe7+ Kf5 71. Qd7+ Kg6 72. h5+ Kh6 73. Qe6+ {Precision: White = 57%, Black = 35%.} 1/2-1/2

[Event "Continental-ch Women America 2017"]
[Site "Villa Martelli"]
[Date "2017.09.11"]
[Round "6"]
[White "Jorquera Cabello, Valentina"]
[Black "Carraro, Denise"]
[Result "1/2-1/2"]
[WhiteElo "1977"]
[BlackElo "2071"]
[Annotator "NA RC"]
[PlyCount "57"]
[EventDate "2017.??.??"]
[EventType "swiss"]
[EventCountry "ARG"]
[SourceTitle "playchess.com"]
[Source "ChessBase"]
[SourceQuality "1"]
[TimeControl "40/5400+30:1800+30"]

1. e4 {[%emt 0:00:00]} e6 {[%emt 0:00:32]} 2. d3 {[%emt 0:00:00]} c5 3. g3 {[%emt 0:00:00]} Nc6 {[%emt 0:00:58]} 4. Bg2 {[%emt 0:00:34]} g6 {[%emt 0:00:18]} 5. Nf3 {[%emt 0:00:30]} Bg7 {[%emt 0:01:26]} 6. O-O {[%emt 0:01:02]} Nge7 {[%emt 0:00:20]} 7. Re1 {[%emt 0:00:53]} O-O {[%emt 0:08:40]} 8. c3 d6 {[%emt 0:02:30]} 9. Nbd2 {[%emt 0:05:51]} b5 {[%emt 0:03:37]} 10. Nf1 {[%emt 0:04:47]} b4 {[%emt 0:31:18]} 11. d4 {[%emt 0:05:22] A04: Unusual lines after 1 Nf3 and King's Indian Attack} cxd4 (11... bxc3 12. bxc3 cxd4 13. cxd4 Ba6 14. Bg5 h6 15. Be3 Rc8 16. Rb1 Qa5 17. a4 Rb8 18. Qd2 Rxb1 19. Rxb1 Bxf1 20. Qxa5 Bxg2 {0-1 (32) Szczepkowska,K (2339)-Macieja,B (2612) Wroclaw 2011}) 12. cxd4 {[%emt 0:00:37]} d5 {[%emt 0:05:52]} 13. e5 {[%emt 0:09:50]} f6 {[%emt 0:09:50]} 14. Bf4 {[%emt 0:02:34]} fxe5 $146 ({Predecessor:} 14... Qb6 15. exf6 Bxf6 16. Bd6 Nxd4 17. Bxe7 Nxf3+ 18. Bxf3 Bxe7 {0-1 (44) Rodriguez Vila,A-Roselli Mailhe,B Piriapolis 1987}) 15. dxe5 {[%emt 0:01:23]} Bd7 {[%emt 0:06:18]} 16. h4 {[%emt 0:16:53]} Nf5 {[%emt 0:14:17]} 17. Qd2 b3 {[%emt 0:00:03]} 18. axb3 {[%emt 0:07:16]} Qb6 {[%emt 0:00:08]} 19. Ne3 {[%emt 0:13:27]} Qb4 {[%emt 0:01:43]} 20. Qd1 {[%emt 0:05:27]} Nxe3 {[%emt 0:01:14]} 21. Rxe3 {[%emt 0:09:18]} Rab8 {[%emt 0:00:34]} 22. Ra4 {[%emt 0:03:34]} Qb6 {[%emt 0:06:18]} 23. Nd4 {[%emt 0:04:18]} Rbc8 {[%emt 0:00:16]} 24. Nxc6 Rxc6 25. Ra1 Rfc8 26. Rd3 a6 27. Be3 Qb7 28. Bd4 R6c7 $18 (28... Qc7 $16 {was called for.}) 29. Bc3 1/2-1/2